La regulación jurídica del comercio

Guardat en:
Dades bibliogràfiques
Autor principal: Makluf Campos, José (autor)
Format: Llibre
Idioma:espanyol
Publicat: Valparaíso Universidad Católica de Valparaíso 1973
Matèries:
Etiquetes: Afegir etiqueta
Sense etiquetes, Sigues el primer a etiquetar aquest registre!

MARC

LEADER 00000nam a2200000 a 4500
001 UCV0540
003 CL-VaPUC
008 881011e19730000CL |||||||||||||||||spa|d
082 0 4 |a 343.08  |b MAK  |2 21 
100 |a Makluf Campos, José  |e autor  |9 294998 
245 1 3 |a La regulación jurídica del comercio 
300 |a 284 p 
942 |c BK 
945 |d 19881011 00:00:00 
260 |a Valparaíso  |b Universidad Católica de Valparaíso  |c 1973 
650 0 |a Protección al consumidor  |9 255293 
650 7 |a REGULACION DEL COMERCIO  |2 CL-VaPUC  |9 255294 
651 7 |a CHILE  |2 CL-VaPUC  |9 294999 
583 |a last modification  |c 20140410 11:18:40  |k Rodrigo Vera 
999 |c 208941  |d 208939 
952 |0 0  |1 0  |4 0  |6 343_080000000000000_MAK_1973  |7 0  |8 A  |9 183957  |a BIBDER  |b BIBDER  |d 2019-11-14  |i 2509164  |l 1  |o 343.08 MAK 1973  |p 2509164  |r 2023-01-25  |s 2022-03-30  |w 2019-11-14  |y BK  |k DER 
952 |0 0  |1 0  |4 0  |6 343_080000000000000_MAK_1973  |7 0  |8 A  |9 183958  |a BIBDER  |b BIBDER  |d 2019-11-14  |i 4683781  |o 343.08 MAK 1973  |p 4683781  |r 2023-01-25  |w 2019-11-14  |y BK  |k DER